00420nam a2200181 a 450000100080000000500110000800800410001910000190006024500320007926000380011130000100014965000100015965000140016965000110018365000150019465300080020970000210021714434232007-10-09 1992 bl uuuu u0uu1 u #d1 aBUCKLEY, D. J. aVitamin E and meat quality. aBasel: F. Hoffmann-La Rochec1992 a40 p. aCarne aQualidade aSuĂ­no aVitamina E aAve1 aMORRISSEY, P. A.